000 00677cam a2200205 4500
001 WB3745-29
008 011129n2001 000 0 eng u
035 _a(Sirsi) u115807
245 _aRICS tackles reality of globalisation
260 _c2001
490 _aRICS Press Release
_v27 November 2001, (2)
520 _aRICS is forging ahead with its plan to get to grips with growing economic globalisation, by calling for a common international ethical standard among its members in property and construction.
590 _aWB
650 _aETHICS
650 _aSURVEYING PROFESSION
650 _aRICS
650 _aGLOBALISATION
690 _aRICS NEWS
942 _n0
999 _c68980
_d68980